Pays les plus éloignés de la mer - Statistiques

Statistiques générales
  • Ce quiz a été pris 43 fois
    26 depuis la dernière actualisation
  • Le résultat moyen est 6 sur 7
Statistiques - réponses
Hint Réponse % Correct
2 100 km Mongolie
87%
2 724 km Kazakhstan
83%
2 500 km Ouzbékistan
83%
2 200 km Tadjikistan
83%
2 350 km Turkménistan
83%
1 600 km Tchad
70%
1800 km Niger
65%
Aucun quiz correspondant
Distribution des résultats
% des personnes avec chaque résultat
Percentile par nombre de réponses
Votre historique - résultats
Vous n’avez pas pris ce quiz depuis la dernière actualisation